000 01448cam a2200337 a 4500
001 EDZ0000083319
003 StDuBDS
005 20161031105113.0
006 m||||||||d||||||||
007 cr |||||||||||
008 120427s2011 cau fo| 001|0|eng|d
020 _a9781446251317 (ebook) :
_cNo price
040 _aStDuBDS
_beng
_cStDuBDS
_epn
049 _aAlfaisal Main Library
050 0 _aHV7434.G7
_bE93 2011
082 0 4 _a364.4
_223
100 1 _aEvans, Karen,
_d1961-
245 1 0 _aCrime prevention
_h[electronic resource] :
_ba critical introduction /
_cKaren Evans.
260 _aLos Angeles, [Calf.] ;
_aLondon :
_bSAGE,
_c2011.
300 _a1 online resource (214 p.)
520 8 _aHow do we reduce and prevent crime? This is a question with which governments have been grappling for decades. 'Crime Prevention' explores the legislative developments, policy changes and practical strategies that have been put in place in recent years in an attempt to manage the level of crime in our society.
504 _aIncludes bibliographical references and index.
521 _aSpecialized.
588 _aDescription based on print version record.
650 0 _aCrime prevention
_zGreat Britain.
655 7 _aElectronic books.
_2local
710 2 _aSage eBooks
776 0 8 _iPrint version :
_z9781847870681
856 4 0 _uhttp://ezproxy.alfaisal.edu/login?url=http://sk.sagepub.com/books/crime-prevention
942 _2lcc
_cEBOOKS
999 _c479387
_d479387